হংকং-এ একরাত / (Record no. 11528)
[ view plain ]
| 000 -LEADER | |
|---|---|
| fixed length control field | 00788nam a2200241 a 4500 |
| 001 - CONTROL NUMBER | |
| JCCL Control Number | 11528 |
| 003 - CONTROL NUMBER IDENTIFIER | |
| JCCL marc code | BD-JhCC |
| 005 - DATE AND TIME OF LATEST TRANSACTION | |
| control field | 20220606134024.0 |
| 008 - FIXED-LENGTH DATA ELEMENTS--GENERAL INFORMATION | |
| fixed length control field | 180624b19972009bg |||| ||a| 000 0 ben d |
| 020 ## - INTERNATIONAL STANDARD BOOK NUMBER | |
| International Standard Book Number | 9847015700072 |
| 035 ## - SYSTEM CONTROL NUMBER | |
| system control number | (BD-JhCC)11528 |
| 040 ## - CATALOGING SOURCE | |
| Original cataloging agency | BD-JhCC |
| Modifying agency | BD-JhCC |
| 041 ## - LANGUAGE CODE | |
| Language code of Book | ben |
| 082 ## - DEWEY DECIMAL CLASSIFICATION NUMBER | |
| Author mark and Year | CHA 2009 |
| Classification number | 891.443 |
| 100 ## - MAIN ENTRY--PERSONAL NAME | |
| Personal name | চন্দর, কৃষণ |
| 245 ## - TITLE STATEMENT | |
| Title | হংকং-এ একরাত / |
| Statement of responsibility, etc | কৃষণ চন্দর, অনু: মোস্তফা হারুণ । |
| 260 ## - PUBLICATION, DISTRIBUTION, ETC. (IMPRINT) | |
| Place of publication, distribution, etc | ঢাকা: |
| Name of publisher, distributor, etc | মাওলা ব্রাদার্স; |
| Date of publication, distribution, etc | ২০০৯. |
| 300 ## - PHYSICAL DESCRIPTION | |
| Pagination | ৮৮ পৃ. : |
| Dimensions | ২১ সেমি. |
| 650 ## - SUBJECT ADDED ENTRY--TOPICAL TERM | |
| Topical term or geographic name as entry element | Novel |
| 700 ## - ADDED ENTRY--PERSONAL NAME | |
| Personal name | হারুণ, মোস্তফা |
| 942 ## - ADDED ENTRY ELEMENTS (KOHA) | |
| Source of classification or shelving scheme | Dewey Decimal Classification |
| Koha item type | Books |
| Koha issues (borrowed), all copies | 1 |
| Source of classification or shelving scheme | Damaged status | Not for loan | Home library | Current library | Shelving location | Date of accession | Cost, normal purchase price | Total Checkouts | Full call number | Barcode | Date last seen | Date checked out | Copy number | Koha item type |
|---|---|---|---|---|---|---|---|---|---|---|---|---|---|---|
| Dewey Decimal Classification | JCC Rouf Library | JCC Rouf Library | General Stacks | 06/24/2018 | 85.00 | 2 | 891.443 CHA 2009 | 14739 | 01/20/2026 | 12/17/2025 | C-1 | Books |